| 000 | 00835nam a2200253Ia 4500 | ||
|---|---|---|---|
| 003 | OSt | ||
| 005 | 20220928102532.0 | ||
| 006 | a|||||r|||| 00| 0 | ||
| 007 | ta | ||
| 008 | 220927b |||||||| |||| 00| 0 eng d | ||
| 024 | _a26438 | ||
| 037 | _cReference Collections | ||
| 040 |
_aSDCL _cSDCL _beng |
||
| 041 |
_2eng _aeng |
||
| 082 | _aOwN9<-N8, N8 RR | ||
| 100 |
_aVijayasree C Ed. _9398852 |
||
| 245 | 0 |
_aRemapping culture _b Nobel laureates in literature 1986-1997. |
|
| 260 |
_aDelhi _bPencraft International _c1998 |
||
| 300 |
_a165p _ccm. |
||
| 700 |
_a Ali Siddiq Ed. _9398853 |
||
| 700 |
_a Subbarayudu G K Ed. _9398854 |
||
| 942 |
_hOwN9<-N8, N8 RR _cREF _2CC |
||
| 999 |
_c714715 _d714715 |
||